000 00513nam a2200181Ia 4500
003 GCL
008 140319s9999 xx 000 0 ara d
040 _aGCL /
_cGCL
082 0 4 _aط
_b731.3352
_bس م
100 1 _aسفير
245 1 0 _aمجسمات الفنان الصغير: النجمة الخماسية /
_cسفير
260 _a[S.N] :
_bسفير
490 _a
650 0 4 _aالتعليم
650 0 4 _aالاطفال
650 0 4 _aالوسائل السمعية والبصرية
942 _2ddc
_cBK
999 _c56853
_d56853